Science Quiz

Random Science or Elements Quiz

Elements With 'TH' Quiz Stats

 Plays Quiz Updated Apr 22, 2016

Also try: Starts with 'Th'
Challenge
Share
Tweet
Embed
Score 0/9 Timer 01:30
0 Plays Today
Elements containing 'th' % Correct
thorium
68%
lithium
67.2%
thallium
62.7%
bismuth
59%
thulium
40.8%
lanthanum
36.8%
rutherfordium
34.7%
ruthenium
32.1%
promethium
24.6%

You're not logged in!

Compare scores with friends on all Sporcle quizzes.
OR
Log In

You Might Also Like...

Show Comments

Extras

Top Quizzes Today


Score Distribution

Your Account Isn't Verified!

In order to create a playlist on Sporcle, you need to verify the email address you used during registration. Go to your Sporcle Settings to finish the process.

Report this User

Report this user for behavior that violates our Community Guidelines.

Details: